000 00792nam a2200265 i 4500
001 103575
003 ES-MaACL
005 20230906183412.0
007 t|
008 060418s1988 sp ||||1| spa d
020 _a84-253-1796-5
080 _a347.965:174
080 _a316.47
100 1 _aMcCormack, Mark H.
_979538
245 1 0 _aToda la verdad sobre los abogados
_b: cómo actúan y cómo tratar con ellos /
_cMark H. McCormack.
250 _a1ª ed.
260 _aBarcelona :
_bGrijalbo,
_c1988.
300 _a307 p. ;
_c21 cm.
490 1 _aEconomía y empresas
650 1 4 _aAbogados-
_xMoral profesional.
_99568
650 4 _aRelaciones humanas.
_916782
830 0 _aEconomía y empresas
_9232585
852 _aES-MaACL
_jC-56893
_bR.130920
999 _c103575
_d103575